Nghề luyện quặng sắt và nghề rèn thủ công truyền thống ở Nho Lâm - Diễn Châu - Nghệ An

Nho Lâm - mảnh đất của những làng nghề truyền thống. Quy trình luyện quặng sắt và nghề rèn thủ công truyền thống Nho Lâm. Vấn đề bảo tồn và phát triển làng nghề truyền thống ở Nho Lâm

Tallennettuna:
Bibliografiset tiedot
Päätekijä: Lê Tuấn Anh
Muut tekijät: Hoàng Hoài Thương Th.S (Hướng dẫn)
Aineistotyyppi: Kirja
Kieli:Vietnamese
Julkaistu: Đà Nẵng Đại học Sư phạm, Đại học Đà Nẵng 2012
Aiheet:
Tagit: Lisää tagi
Ei tageja, Lisää ensimmäinen tagi!
Thư viện lưu trữ: Mạng thư viện Đại học Đà Nẵng
LEADER 01726nam a2200337 4500
001 000016912
003 13322
005 20130114140139.0
008 130111s2012 viesd
041 0 |a vie 
082 |a 682  |b LÊ-A 
100 1 |a Lê Tuấn Anh 
245 0 |a Nghề luyện quặng sắt và nghề rèn thủ công truyền thống ở Nho Lâm - Diễn Châu - Nghệ An  |c Lê Tuấn Anh  |k Khóa luận tốt nghiệp 
260 |a Đà Nẵng  |b Đại học Sư phạm, Đại học Đà Nẵng  |c 2012 
300 |a 66 tr., phụ lục 8 tr.  |b Ảnh mh. màu  |c 29 cm.  |e Tài liệu tham khảo 
500 |a Khóa luận tốt nghiệp đại học. Chuyên ngành: Cử nhân văn hóa học 
504 |a Mục lục đầu trang, tài liệu tham khảo tr. 73 - 74, phụ lục [13 tr.] 
520 |a Nho Lâm - mảnh đất của những làng nghề truyền thống. Quy trình luyện quặng sắt và nghề rèn thủ công truyền thống Nho Lâm. Vấn đề bảo tồn và phát triển làng nghề truyền thống ở Nho Lâm 
650 0 4 |a Nghề truyền thống  |v Khóa luận tốt nghiệp  |z Nghệ An 
653 |a Khoa Ngữ văn  |a Rèn  |a Luyện quặng 
700 |a Hoàng Hoài Thương  |c Th.S  |e Hướng dẫn 
OWN |a LSP 
AVA |a UDN50  |b LSP  |d 682 LÊ-A  |e available  |t Error 5001 Not defined in file expand_doc_bib_avail.  |f 1  |g 0  |h N  |i 0  |k 1 
999 |a From the UDN01 
AVA |a UDN50  |b LSP  |d 682 LÊ-A  |e available  |t Error 5001 Not defined in file expand_doc_bib_avail.  |f 1  |g 0  |h N  |i 0  |k 1 
TYP |a Monograph 
TYP |a Printed language 
980 |a Mạng thư viện Đại học Đà Nẵng